00988nam a22003377a 4500001001000000003000900010005001700019007000300036008003400039040005400073041001000127072001400137100001900151100001800170100001900188110010900207245005500316260004200371300001000413500002100423650001000444650001600454650002100470650002400491650001100515650002800526650002400554650001500578650002600593650003100619BR0702037BR-BrBNA20230928102410.0ta230509b bl.||||| |||| 00| 0 por d aBR-BrBNAbporcBiblioteca Nacional de Agricultura a(Por) aL01b53001 aFerreira, D.A.1 aAlbanez, J.R.1 aMendes, L.F.C.1 aEmpresa de Assistência Técnica e Extensão Rural do Estado de Minas Gerais, Belo Horizonte (Brasil)1 aManual técnico para criação de porco caipira3 aBelo Horizonte, MG (Brasil): c2005.  a28 p. a6 ref.; 7 illus. aPORCO aCRIAÇÃO aNORMALIZAÇÃO aPRODUÇÃO ANIMAL aMANEJO aSISTEMA DE PRODUÇÃO aNUTRIÇÃO ANIMAL aPROFILAXIA aREPRODUÇÃO ANIMAL aINSTALAÇÃO PARA ANIMAL